The Englishman's boy
Spremljeno u:
| Glavni autor: | |
|---|---|
| Format: | Knjiga |
| Jezik: | engleski |
| Izdano: |
Nueva York
Picador
1998
|
| Izdanje: | 1a. ed |
| Serija: | Rincón Canadá
|
| Teme: | |
| Oznake: |
Dodaj oznaku
Bez oznaka, Budi prvi tko označuje ovaj zapis!
|
MARC
| LEADER | 00000cam a2200000 a 4500 | ||
|---|---|---|---|
| 001 | UCE3654 | ||
| 003 | CL-VaPUC | ||
| 008 | 140911e19980000us |||||||||||||||||eng|d | ||
| 020 | |a 9780312195441 | ||
| 020 | |a 0312195443 | ||
| 082 | 0 | 4 | |a C813 |b VAN |2 21 |
| 100 | 0 | |a Vanderhaeghe, Guy |e author |9 576112 | |
| 245 | 1 | 4 | |a The Englishman's boy |
| 250 | |a 1a. ed | ||
| 300 | |a 333 p | ||
| 942 | |c BK | ||
| 945 | |d 20140911 14:25:00 |a arojas | ||
| 260 | |a Nueva York |b Picador |c 1998 | ||
| 650 | 0 | |a Novelas canadienses |9 261026 | |
| 650 | 0 | |a Ficción narrativa |9 387672 | |
| 650 | 0 | |a Literatura canadiense |9 342826 | |
| 650 | 0 | |a Industria cinematográfica |9 266081 | |
| 583 | |a last modification |c 20140911 14:25:00 |k Rodrigo Vera | ||
| 490 | 0 | |a Rincón Canadá | |
| 999 | |c 356841 |d 356839 | ||
| 952 | |0 0 |1 0 |3 erb |4 0 |6 C_813_000000000000000_VAN_1998 |7 0 |8 A |9 464598 |a BIBEDU |b BIBEDU |i 5114101 |o C813 VAN 1998 |p 5114101 |r 2019-11-23 |w 2019-11-23 |y BK |z Catalogado en:20140911 |k LIT | ||